000 00708nam a2200241Ia 4500
003 OSt
005 20220925172538.0
006 a|||||r|||| 00| 0
007 ta
008 220923b |||||||| |||| 00| 0 eng d
037 _cGeneral Book
040 _aRTL
_cRTL
_beng
041 _2eng
_aeng
082 _aY33.27535.N64t4, K8
100 _aBose Nirmal Kumar
_951252
245 0 _aCalcutta
_b1964 A social survey
260 _aBombay
_bLalvani
_c1968
300 _a328p
_ccm.
490 _aInternational Association for Cultural Freedom
650 _aUrban Sociology
_934088
942 _hY33.27535.N64t4, K8
_cGB
_2CC
999 _c485358
_d485358